00518nam a2200157 4500001000700000003000900007005001700016007000300033008004100036100002200077245012800099260005500227300001100282700004600293852002100339148343ES-MaACL20231204174649.0t|070214s1932 sp r ||||1| spa d1 aStrachey, Lytton.10aIsabel y Essex b: historia trágica / cLytton Strachey ; traducción directa del inglés por José Mª Quiroga Plá. aMadrid : b[s. n.], c1932 (fBolaños y Aguilar) a268 p.1 aQuiroga Plá, José María,d1902-1955 aES-MaACLjA-3858